| 000 | 01553nam a22002177a 4500 | ||
|---|---|---|---|
| 999 |
_c63491 _d63491 |
||
| 003 | Ge_BSU | ||
| 005 | 20251017210542.0 | ||
| 008 | 251017s2009 ge ||||| |||| 00| 0 geo d | ||
| 041 | _ageo | ||
| 080 | _a633.8 კ-50 | ||
| 100 |
_aკილასონია,გ _926062 |
||
| 245 |
_aსუბტროპიკული მემცენარეობის საფუძვლები : _bსახელმძღვანელო განკუთვნილია მხოლოდ საქართველოს სუბტროპიკული მეურნეობის სახელმწიფო უნივერსიტეტის სტუდენტების, მაგისტრებისა და დოქტორანტებისთვის / _cგ.კილასონია, რედ: როლანდ კოპალიანი, რ.ჯაბნიძე |
||
| 264 |
_aქუთაისი: _bსაგამომცემლო ცენტრი, _c2009. |
||
| 300 |
_a320 გვ:. _bილ; _c20სმ. |
||
| 653 | _aსუბტროპიკული მემცენარეობის საფუძვლები | ||
| 653 | _aსუბტროპიკული მცენარეები | ||
| 653 | _aმემცენარეობა ზოგადად | ||
| 700 |
_a კოპალიანი, როლანდ _eრედაქტორი _926063 |
||
| 700 |
_aჯაბნიძე, რ _eრედაქტორი _926064 |
||
| 942 |
_2udc _cBK |
||